=LDR 00000nam 2200000 4500 =001 INLIS000000000047927 =005 20160308091652.0 =006 =007 =008 =020 ##$$a 37600 0564-0 =035 ##$$0010-031600000000040 =040 ##$$a NBPDMAT =082 ##$$a 808.81 =090 ##$$a 808.81$bSte d =100 ##$$a Steinhardt, Edwin =245 ##$$a Den weg finden : Bilder sehen, die nicht vergilben; Tone horen, die nicht verklingen / Edwin Steinhardt =260 ##$$a Humburg $b Agentur des Rauhen Hauses $c 1991 =300 ##$$a 31 hlm. : ilus. ; 19 cm =650 ##$$a Puisi =850 ##$$a NBPDMAT =990 ##$$a 31500756 =990 ##$$a 31500756/BPAP-NTB/2016